Código penal : (Registro nro. 19487)
[ vista simple ]
| 000 -LEADER | |
|---|---|
| fixed length control field | 01669nam a2200349 4500 |
| 001 - CONTROL NUMBER | |
| control field | 0000023983 |
| 003 - CONTROL NUMBER IDENTIFIER | |
| control field | CO-CtgCURN |
| 005 - DATE AND TIME OF LATEST TRANSACTION | |
| control field | 20260318000647.0 |
| 007 - PHYSICAL DESCRIPTION FIXED FIELD--GENERAL INFORMATION | |
| fixed length control field | ta |
| 008 - FIXED-LENGTH DATA ELEMENTS--GENERAL INFORMATION | |
| fixed length control field | 160627s2014 000 0 eng d |
| 020 ## - INTERNATIONAL STANDARD BOOK NUMBER | |
| International Standard Book Number | 9789587670950 |
| 040 ## - CATALOGING SOURCE | |
| Original cataloging agency | CO-CtgCURN |
| Language of cataloging | spa |
| Transcribing agency | coctgcurn |
| 082 0# - DEWEY DECIMAL CLASSIFICATION NUMBER | |
| Classification number | 345.861 |
| Item number | C718p |
| 110 2# - MAIN ENTRY--CORPORATE NAME | |
| Corporate name or jurisdiction name as entry element | Colombia. |
| 245 10 - TITLE STATEMENT | |
| Title | Código penal : |
| Remainder of title | ley 599 de 2000. |
| 250 ## - EDITION STATEMENT | |
| Edition statement | 12a ed. |
| 256 ## - COMPUTER FILE CHARACTERISTICS | |
| Computer file characteristics | Códigos de procedimiento penal: ley 906 de 2004. Ley 600 de 2000. |
| 260 ## - PUBLICATION, DISTRIBUTION, ETC. | |
| Place of publication, distribution, etc. | Bogotá : |
| Name of publisher, distributor, etc. | Legis, |
| Date of publication, distribution, etc. | 2014. |
| 300 ## - PHYSICAL DESCRIPTION | |
| Extent | 731 p. |
| 336 ## - CONTENT TYPE | |
| Source | rdacontent |
| 337 ## - MEDIA TYPE | |
| Source | rdamedia |
| Media type term | sin mediacion |
| Media type code | n |
| 338 ## - CARRIER TYPE | |
| Source | rdacarrier |
| Carrier type term | volumen |
| Carrier type code | nc |
| 490 1# - SERIES STATEMENT | |
| Series statement | Códigos basicos |
| 500 ## - GENERAL NOTE | |
| General note | Incluye suplemento e indices. |
| 505 8# - FORMATTED CONTENTS NOTE | |
| Formatted contents note | Parte general: de las normas rectoras de la ley penal colombiana -- Parte especial: de los delitos en particular -- Principios rectores y garantias procesales: disposiciones generales -- Tecnicas de indagacion e Investigación de la prueba y sistema probatorio -- El juicio: de la acusacion -- Ejecucion de sentencias: ejecucion de penas y medidas de seguridad -- Cooperacion internacional -- Justicia restaurativa -- Regimen de implementacion -- Normas rectoras: disposiciones generales -- Investigación -- Juicio: juzgamiento -- Ejecucion de sentencias: ejecucion de penas y medidas de seguridad -- Relaciones con autoridades extranjeras y disposiciones finales |
| 630 00 - SUBJECT ADDED ENTRY--UNIFORM TITLE | |
| Uniform title | Ley 599 de 2000. |
| 630 00 - SUBJECT ADDED ENTRY--UNIFORM TITLE | |
| Uniform title | Ley 906 de 2004. |
| 630 00 - SUBJECT ADDED ENTRY--UNIFORM TITLE | |
| Uniform title | Ley 600 de 2000. |
| 908 ## - PUT COMMAND PARAMETER (RLIN) | |
| Put command parameter | 160627 |
| 942 ## - ADDED ENTRY ELEMENTS (KOHA) | |
| Koha item type | Libros |
| Classification part | 345.861 |
| Item part | C718p |
| Source of classification or shelving scheme | Dewey Decimal Classification |
| Withdrawn status | Lost status | Source of classification or shelving scheme | Damaged status | Not for loan | Collection | Home library | Current library | Shelving location | Date acquired | Inventory number | Total checkouts | Full call number | Barcode | Date last seen | Date last checked out | Copy number | Price effective from | Koha item type | Public note |
|---|---|---|---|---|---|---|---|---|---|---|---|---|---|---|---|---|---|---|---|
| Dewey Decimal Classification | General | Miguel Henríquez Castañeda | Miguel Henríquez Castañeda | General | 03/31/2025 | 016037 | 1 | 345.861 C718p | 016037 | 09/10/2025 | 09/09/2025 | ej.1 | 03/31/2025 | Libros | 340-DEREC |